| 000 | 00467nam a2200169Ia 4500 | ||
|---|---|---|---|
| 003 | OSt | ||
| 005 | 20260316103616.0 | ||
| 008 | 211028s2015 xx 000 0 und d | ||
| 040 | _cAIMIT LIBRARY | ||
| 041 | _aeng | ||
| 100 |
_aKiran, C K; Manimozhi, R. _g121718 _94431 |
||
| 110 |
_aAnnapoorna Shetty _94432 |
||
| 245 | _aCenter for health and development / | ||
| 260 |
_aMangaluru _c2015 |
||
| 710 |
_aDavlin Software Solution Pvt. Ltd. _94433 |
||
| 942 |
_2ddc _cPRO |
||
| 999 |
_c217568 _d217568 |
||